Estatísticas para Elenco Brasileiro em Copa do Mundo

Clique aqui para jogar o quiz

Estatísticas Gerais

  • Esse quiz foi jogado 1 622 vezes
    (1 566 desde o último reset)
  • A pontuação média é 250 de 482

Estatísticas das Respostas

1930JogadorClubes% Correto
ATPelé
94%
ATPelé
94%
ATPelé
94%
ATPelé
94%
ATRonaldo
94%
ATRonaldo
94%
ATRonaldo
94%
ATRonaldo
94%
ATNeymar JrBarcelona
93%
ATNeymar JrPSG
93%
DFJúlio César
91%
GOJúlio César
91%
GOJúlio César
91%
GOJúlio CésarToronto
91%
MCRonaldinho Gaúcho
91%
MCRonaldinho Gaúcho
91%
DFDavid LuizChelsea
89%
DFThiago SilvaPSG
89%
DFThiago Silva
89%
DFThiago SilvaPSG
89%
ATRomário
88%
ATRomário
88%
DFRoberto Carlos
87%
DFRoberto Carlos
87%
DFRoberto Carlos
87%
DFCafu
86%
DFCafu
86%
DFCafu
86%
DFCafu
86%
GODida
86%
GODida
86%
GODida
86%
ATDida
86%
GOTaffarel
86%
GOTaffarel
86%
GOTaffarel
86%
MCKaká
85%
MCKaká
85%
MCKaká
85%
ATFredFluminense
84%
ATFred
84%
MCFredShakhtar Donetsk
84%
ATGarrincha
84%
ATGarrincha
84%
ATGarrincha
84%
GOMarcos
84%
DFZé Luiz
84%
DFDaniel AlvesBarcelona
83%
DFDaniel Alves
83%
ATAtlético-MG
83%
DFMarceloReal Madrid
83%
DFMarceloReal Madrid
83%
MCRivaldo
82%
MCRivaldo
82%
GORogério Ceni
82%
GORogério Ceni
82%
MCZico
82%
MCZico
82%
MCZico
82%
MCDunga
81%
MCDunga
81%
MCDunga
81%
TCDunga
81%
DFFilipe LuisChelsea
81%
DFOscar
81%
MCOscarChelsea
81%
DFOscar
81%
DFOscar
81%
ATBebeto
80%
ATBebeto
80%
ATBebeto
80%
DFLúcio
79%
DFLúcio
79%
DFLúcio
79%
DFZé Roberto
79%
DFZé Roberto
79%
GOCarlos
78%
GOCarlos
78%
GOCarlos
78%
TCFelipão
78%
TCFelipão
78%
DFZé Carlos
78%
GOZé Carlos
78%
MCBufalo Gil
77%
DFRoque Júnior
77%
TCZagallo
77%
TCZagallo
77%
ATZagallo
77%
ATZagallo
77%
GOAlissonRoma
76%
ATRoberto
76%
ATRobinho
76%
ATRobinho
76%
ATAdriano
75%
ATÉder
73%
DFJúnior
72%
DFJúnior
72%
DFJúnior
72%
DFJúnior
72%
MCRenato
72%
GORenato
72%
TCCláudio Coutinho
71%
ATCoutinho
71%
MCGilberto Silva
71%
MCGilberto Silva
71%
MCGilberto Silva
71%
MCPhilippe CoutinhoBarcelona
71%
MCSócrates
71%
MCSócrates
71%
ATHulkZenit
70%
MCJair
70%
ATLuis Fabiano
70%
DFMaicon
70%
DFMaiconRoma
70%
ATBernardShakhtar
69%
DFCarlos Alberto
69%
ATLeônidas da Silva
69%
MCPaulinhoTottenham
69%
MCPaulinhoBarcelona
69%
TCZagallo
69%
GOCassioCorinthians
68%
TCParreira
68%
TCParreira
68%
ATRivellino
68%
ATRivellino
68%
MCRivellino
68%
MCFelipe Melo
67%
MCFernandinhoManchester City
67%
MCFernandinhoManchester City
67%
DFGilberto
67%
DFGilberto
67%
DFJuninho
67%
MCJuninho Paulista
67%
MCJuninho Pernabucano
67%
GOVíctorAtlético-MG
67%
DFBranco
66%
DFBranco
66%
DFBranco
66%
DFDanteBayern de Munique
66%
DFJuan
66%
DFJuan
66%
ATEdmundo
65%
MCDenílson
64%
ATDenílson
64%
ATDenílson
64%
ATJairzinho
64%
ATJairzinho
64%
ATJairzinho
64%
DFMauro
64%
DFMauro
64%
MCMauro Silva
64%
MCVampeta
64%
MCDidi
63%
MCDidi
63%
MCDidi
63%
MCFalcão
63%
MCFalcão
63%
ATTostão
63%
ATTostão
63%
MCZinho
63%
GOEdersonManchester City
62%
ATEdílson
62%
GOJéffersonBotafogo
62%
MCKléberson
62%
MCKléberson
62%
GOLeão
61%
GOLeão
61%
GOLeão
61%
GOLeão
61%
MCGérson
60%
MCGérson
60%
GOGilmar
60%
GOGilmar
60%
GOGilmar
60%
GOGilmar
60%
TCTelê Santana
60%
TCTelê Santana
60%
ATCareca
59%
ATCareca
59%
MCÉmerson
59%
MCÉmerson
59%
DFLeonardo
59%
MCLeonardo
59%
MCRaí
59%
MCCasemiroPorto
58%
DFMarquinhosPSG
58%
ATVavá
58%
ATVavá
58%
MCElano
57%
GOFélix
57%
DFLeandro
57%
ATLeônidas
57%
ATLuizão
57%
DFPaulo Henrique
57%
DFRicardo Gomes
57%
GOZetti
57%
DFÂnderson Polga
56%
DFDaniloManchester City
56%
DFFágnerWolfsburg
56%
DFHenriqueNapoli
56%
ATRoberto Miranda
56%
ATSerginho Chulapa
56%
DFAldair
55%
DFAldair
55%
DFAldair
55%
DFMirandaInternazionale
55%
DFEdimílson
54%
DFLuisão
54%
DFLuisão
54%
MCRenato AugustoBeijing Guoan
54%
MCRicardinho
54%
MCRicardinho
54%
DFBellini
53%
DFBellini
53%
DFBellini
53%
GODoni
53%
GOGomes
53%
DFMazinho
53%
DFMazinho
53%
MCZito
53%
MCZito
53%
MCZito
53%
DFJorginho
52%
DFJorginho
52%
ATAdemir
51%
GOBarbosa
51%
DFCicinho
51%
ATPepe
51%
ATPepe
51%
MCClodoaldo
50%
ATPaulo Sérgio
50%
GOPaulo Sérgio
50%
DFRicardo Rocha
50%
DFRicardo Rocha
50%
ATRoberto Dinamite
50%
ATRoberto Dinamite
50%
DFRodrigues Neto
50%
ATSilva
50%
ATCasagrande
49%
MCCésar Sampaio
49%
ATDadá Maravilha
49%
ATGrafite
49%
MCJúlio Baptista
49%
ATMüller
49%
ATMüller
49%
ATMüller
49%
ATReinaldo
49%
DFBelletti
48%
MCFernando
48%
MCMineiro
48%
ATNilmar
48%
DFToninho Baiano
48%
MCToninho Cerezo
48%
MCToninho Cerezo
48%
MCWilliamChelsea
48%
ATViola
47%
GOWaldir Peres
47%
GOWaldir Peres
47%
GOWaldir Peres
47%
ATEdu
46%
ATEdu
46%
ATEdu
46%
MCHernanesInternazionale
46%
GOManga
46%
DFMichel Bastos
46%
DFRonaldão
46%
DFMaxwellPSG
45%
DFNilton Santos
45%
DFNilton Santos
45%
DFNílton Santos
45%
DFNilton Santos
45%
ATAdemir da Guia
44%
ATDouglas CostaJuventus
44%
ATGabriel JesusManchester City
44%
MCJosué
44%
DFLuis Pereira
44%
ATRenato Gaúcho
44%
ATAmarildo
43%
DFMarco Antônio
43%
DFMarco Antônio
43%
MCRamíresChelsea
43%
MCRamires
43%
MCZizinho
43%
MCAlemão
42%
MCAlemão
42%
DFEdinho
42%
DFEdinho
42%
DFEdinho
42%
DFEveraldo
42%
MCValdo
42%
MCValdo
42%
GOVelloso
42%
TCVicente Feola
42%
TCVicente Feola
42%
DFDjalma Santos
41%
DFDjalma Santos
41%
DFDjalma santos
41%
DFDjalma Santos
41%
MCDoriva
41%
ATGiovanni
41%
DFJair Marinho
41%
GOJoel
41%
ATJoel
41%
DFJoel
41%
MCLuiz GustavoWolfsburg
41%
DFMárcio Santos
41%
DFWilson Piazza
41%
DFWilson Piazza
41%
GOAdo
40%
DFCris
40%
DFJosimar
40%
DFNelinho
40%
DFNelinho
40%
ATPreguinho
40%
TCSebastião Lazzaroni
40%
ATSilas
40%
MCSilas
40%
ATTita
40%
ATZé Sérgio
40%
DFZózimo
40%
DFZózimo
40%
GOAcácio
39%
DFAugusto
39%
ATMazzola
39%
DFMozer
39%
ATTaisonShakhtar Donetsk
39%
DFZé Maria
39%
DFZé Maria
39%
MCBatista
38%
MCBatista
38%
ATFriaça
38%
ATLuizinho
38%
ATLuizinho
38%
DFLuizinho
38%
DFMaurinho Peres
38%
DFRildo
38%
TCAymoré Moreira
37%
ATBaltazar
37%
ATBaltazar
37%
GOCastilho
37%
GOCastilho
37%
GOCastilho
37%
GOCastilho
37%
ATDirceu
37%
ATDirceu
37%
ATDirceu
37%
ATLeivinha
37%
ATPaulo Cézar Caju
37%
ATPaulo Cézar Caju
37%
ATValdomiro
37%
MCBritto
36%
DFChico
36%
DFDomingos da Guia
36%
DFÉdson Boaro
36%
DFGonçalves
36%
GOPaulo Vítor
36%
DFPedrinho
36%
DFAdré Cruz
35%
DFAmaral
35%
DFBrilhante
35%
MCLima
35%
DFMarinho Chagas
35%
DFMauro Gauvão
35%
DFMauro Gauvão
35%
MCMengálvio
35%
DFOscarino
35%
DFPolozzi
35%
TCZezé Moreira
35%
ATAraken Patuska
34%
DFBrito
34%
DFBrito
34%
GOCarlos Germano
34%
MCFausto
34%
ATLopes
34%
DFMauro Ramos
34%
ATModerato
34%
DFAlfredo Ramos
33%
ATCarvalho Leite
33%
ATCarvalho Leite
33%
MCDino
33%
TCFlávio Costa
33%
DFItália
33%
MCIvan Mariz
33%
ATJair da Costa
33%
ATManeca
33%
MCWaldyr
33%
MCFortes
32%
ATRoberto FirminoLiverpool
32%
DFBigode
31%
ATCésar Maluco
31%
MCChicão
31%
DFDe Sordi
31%
DFFontana
31%
MCHermógens
31%
ATJulinho
31%
DFMoacir
31%
MCOreco
31%
DFAlfredo
30%
MCAlfredo
30%
GOCabeção
30%
MCEly
30%
DFEly
30%
ATMaurinho
30%
ATNilo Braga
30%
DFOrlando
30%
DFOrlando
30%
TCPíndaro de Carvalho
30%
ATTeóphilo
30%
GOVeludo
30%
MCCarpegiani
29%
MCElzo
29%
ATÍndio
29%
DFNena
29%
MCPamplona
29%
ATPoly
29%
MCRubens
29%
MCRui
29%
ATRussinho
29%
MCZequinha
29%
ATAdãozinho
28%
DFBauer
28%
MCBauer
28%
MCBrandão
28%
ATEdivaldo
28%
DFMachado
28%
MCMartim Silveira
28%
MCMartim Silveira
28%
DFNoronha
28%
DFOctacílio
28%
DFPaulinho de Almeida
28%
DFBaldocchi
27%
ATBenedicto
27%
MCDanilo Alvim
27%
ATManoelzinho
27%
ATPatezko
27%
GOPedrosa
27%
ATPerácio
27%
ATRomeu
27%
ATWaldemar
27%
TCAdhemar Pimenta
26%
DFBrandãozinho
26%
DFJuvenal
26%
ATParaná
26%
ATRodrigues
26%
ATTim
26%
MCZezé Procópio
26%
ATAlcindo
25%
DFAltair
25%
DFAltair
25%
MCArmandinho
25%
GOGermano
25%
MCJorge Mendonça
25%
DFJurandir
25%
ATNiginho
25%
DFSylvio Hoffmann
25%
ATMirandinha
24%
DFAbel
23%
ATÁtila
23%
GOBatatais
23%
MCBismark
23%
ATHércules
23%
ATRodrigues Tatu
23%
DFFidélis
21%
MCArgemiro
20%
MCWillianChelsea
20%
ATHumberto Tozzi
18%
GOWálter
18%
ATPaulo Isidoro
15%
DFGeromelGrêmio
12%
ATPinga
10%
DFLuiz Luz
8%
DFEdevaldo
4%
DFJaú
3%
MCAfonsinho
2%
MCCanalli
2%
MCNariz
2%
ATPatesko
2%
DFPinheiro
2%
MCTinoco
2%
MCAriel
1%
MCDequinha
1%
TCLuiz Vinhaes
1%

Distribuição das Pontuações

Percentil de Números Respondidos

Porcentagem de Pessoas com Cada Pontuação

Sua Pontuação Histórica

Você não jogou esse quiz desde o último reset